Труды второй научной сессии по дефектологии / (Record no. 500017)
[ view plain ]
| 000 -LEADER | |
|---|---|
| fixed length control field | 00910nam a2200205 u 4500 |
| 001 - CONTROL NUMBER | |
| control field | 000005247 |
| 003 - CONTROL NUMBER IDENTIFIER | |
| control field | AM-YeHGA |
| 005 - DATE AND TIME OF LATEST TRANSACTION | |
| control field | 20250617163036.0 |
| 008 - FIXED-LENGTH DATA ELEMENTS--GENERAL INFORMATION | |
| fixed length control field | 021212s1959 ai r 000 0 rus d |
| 040 ## - CATALOGING SOURCE | |
| Original cataloging agency | AM-YeHGA |
| 090 ## - LOCALLY ASSIGNED LC-TYPE CALL NUMBER (OCLC); LOCAL CALL NUMBER (RLIN) | |
| -- | 503428 |
| 111 2# - MAIN ENTRY--MEETING NAME | |
| Meeting name or jurisdiction name as entry element | Научная сессия по дефектологии |
| Location of meeting | Москва |
| Date of meeting or treaty signing | 25-27 марта 1958 г. |
| Number of part/section/meeting | (2) |
| 245 10 - TITLE STATEMENT | |
| Title | Труды второй научной сессии по дефектологии / |
| Statement of responsibility, etc. | АПН РСФСР. Ин-т дефектологии ; Под ред. А.И. Дьячкова и В.И. Лубовского. |
| 260 ## - PUBLICATION, DISTRIBUTION, ETC. | |
| Place of publication, distribution, etc. | Москва : |
| Name of publisher, distributor, etc. | Изд-во АПН РСФСР, |
| Date of publication, distribution, etc. | 1959. |
| 300 ## - PHYSICAL DESCRIPTION | |
| Extent | 211 с. |
| 550 ## - ISSUING BODY NOTE | |
| Issuing body note | Ин-т дефектологии АПН РСФСР |
| 650 14 - SUBJECT ADDED ENTRY--TOPICAL TERM | |
| Topical term or geographic name entry element | Педагогика. Школа в целом |
| 700 1# - ADDED ENTRY--PERSONAL NAME | |
| Personal name | Дьячков, А.И. |
| Relationship | edt |
| Relator term | ред. |
| 700 1# - ADDED ENTRY--PERSONAL NAME | |
| Personal name | Лубовский, В.И. |
| Relationship | edt |
| Relator term | ред. |
| Withdrawn status | Lost status | Source of classification or shelving scheme | Damaged status | Not for loan | Collection | Home library | Current library | Date acquired | Total checkouts | Full call number | Barcode | Date last seen | Price effective from | Koha item type | Public note |
|---|---|---|---|---|---|---|---|---|---|---|---|---|---|---|---|
| Universal Decimal Classification | General | Fundamental Scientific Library | Fundamental Scientific Library | 17/10/2019 | PII/20117 | FL0605362 | 17/10/2019 | 17/10/2019 | Գրքեր / Books | 30 Days Loan |
ՀՀ Գիտությունների ազգային ակադեմիայի հիմնարար գիտական գրադարան = Fundamental Scientific Library of NAS RA
All site content, except where otherwise noted, is licensed under a